BIBLIOTHÈQUE DE LA MAISON DU MEXIQUE

Logo 1 Logo 2

Artículos de crítica literaria y artística (notice nᵒ 11743)

détails MARC
000 -Sello discográfico
campo de control de longitud fija 00994nam a2200337 4500
005 - Identificación de versión
campo de control 20250925141611.0
035 ## - Otros números de control del sistema
Número de control del sistema 3963
099 ## - fechas locales
Tipo de ítem Koha LIBRO
100 ## - Datos de procesamiento general
Datos de procesamiento general 20040924d1950 m y1spay5003 ba
105 ## - Campo de datos codificados: Material textual, monográfico
Datos codificados de monografía y 001zy
200 1# - Título y mención de responsabilidad
Título propio Artículos de crítica literaria y artística
Designación general del material texto impreso
Primer mención de responsabilidad Larra
Declaración de responsabilidad subsiguiente prólogo y notas José R. Lomba y Pedraja
Número de una pieza II
210 ## - Publicación, distribución, etc.
Lugar de publicación, distribución, etc. Madrid
Nombre del editor, distribuidor, etc. Espasa - Calpe
Fecha de publicación, distribución, etc. 1950
215 ## - Descripción física
Designación de material específico y extensión del ítem 272 p
Dimensiones 19 cm
318 ## - Nota de acción
Acción No se presta a domicilio
345 ## - Nota de información de adquisición
Fuente de adquisición/dirección de la suscripción [OBSOLETO] Donación
410 #1 - Series
Título Clásicos Castellanos
Número de volumen 52
676 ## - Clasificación Decimal Dewey
Número R860 C614 v.52
700 ## - Nombre personal - Responsabilidad primaria
Elemento de entrada Larra y Sánchez de Castro
Parte del nombre distinta del elemento de entrada Mariano José de
Fechas 1809-1837
Adiciones a los nombres que no sean fechas "Fígaro"
Número Koha 18407
702 ## - Nombre personal - Responsabilidad secundaria
Elemento de entrada Lomba y Pedraja
Parte del nombre distinta del elemento de entrada José Ramón
Fechas 1868-
Número Koha 18408
801 #0 - Fuente de origen
Agencia cm
900 ## -
-- 1/8071
900 ## -
-- 7100419837\240904
942 ## - ELEMENTOS DE ENTRADA SECUNDARIOS (KOHA)
Tipo de ítem Koha Livre

Pas d'exemplaire disponible.